Normal view
MARC view
Entry Personal Name
001 - CONTROL NUMBER
- control field: 28901
003 - CONTROL NUMBER IDENTIFIER
- control field: dpl
005 - DATE AND TIME OF LATEST TRANSACTION
- control field: 20110628114752.0
008 - FIXED-LENGTH DATA ELEMENTS
- fixed length control field: 110628|||a|||||| | ||| d
040 ## - CATALOGING SOURCE
- Original cataloging agency: dpl
- Transcribing agency: dpl
100 ## - HEADING--PERSONAL NAME
- Personal name: चौहान, निर्मला
670 ## - SOURCE DATA FOUND
- Source citation: Work cat.: (dpl)38124: चौहान, निर्मला, खुले आकाश में उड़ते परिंदे:, 2010
670 ## - SOURCE DATA FOUND
- Source citation: Work cat.: (dpl)38124: चौहान, निर्मला, खुले आकाश में उड़ते परिंदे:, 2010
